| 000 | 00699nam a2200193Ia 4500 | ||
|---|---|---|---|
| 003 | GCL | ||
| 005 | 20240530103439.0 | ||
| 008 | 140319s9999 xx 000 0 ara d | ||
| 040 |
_aGCL / _cGCL |
||
| 082 | 0 | 4 |
_a811.092 _bع و |
| 100 | 0 | _aعبدالله البردونى | |
| 245 | 1 | 0 |
_aشعر وجوه دخانية فى مرايا الليل (هدية من الاديب عبدالفتاح الجمل) / _cعبدالله البردونى |
| 260 |
_aدمشق : _bمطابع صوت الخليج ، _c1977 |
||
| 300 |
_a104 ص؛ _b20سم |
||
| 650 | 0 | 4 | _aالشعر العربى |
| 650 | 0 | 4 | _aالادب العربى |
| 650 | 0 | 4 | _aالشعر العربى - العصر الحديث |
| 942 |
_2ddc _cBK |
||
| 999 |
_c39478 _d39478 |
||